| 000 | 00655nam a2200181 i 4500 | ||
|---|---|---|---|
| 001 | 20936 | ||
| 003 | ES-MaACL | ||
| 005 | 20230906152405.0 | ||
| 007 | t| | ||
| 008 | 021119s1970 sp af |||| | spa d | ||
| 100 | 1 |
_aAduriz, Patricio. _918498 |
|
| 245 | 1 | 0 |
_aCuatro pintores asturianos _b: [Nemesio Lavilla, Juan Martínez Abades, Manuel Medina, Manuel Marola] / _cpor Patricio Aduriz ; prólogo de Francisco Carantona. |
| 260 |
_aGijón : _b[El Comercio], _c1970. |
||
| 300 |
_a214 p., 113 lám : _bil. ; _c27 cm. |
||
| 650 | 4 |
_aPintura- _zAsturias (Comunidad Autónoma) _9165071 |
|
| 700 | 1 |
_aCarantona, Francisco. _934963 |
|
| 852 |
_aES-MaACL _jC-37265 |
||
| 999 |
_c20936 _d20936 |
||